000 00567pam a2200217 a 4500
001 934778
005 20180109070134.0
008 831219s1984 ilua b 001 0 eng
010 _a 83024285
020 _a0226979830 :
_c$36.00
040 _aDLC
_cDLC
_dDLC
041 _aeng
080 _a330.028 ZEL
082 0 0 _a330.028 ZEL
_219
100 1 _a52
101 _aEKO
245 1 0 _aBasic issues in econometrics /
_cArnold Zellner.
504 _aIncludes bibliographies and index.
906 _a7
_bcbc
_corignew
_d1
_eocip
_f19
_gy-gencatlg
942 _2ddc
_cBK
999 _c39885
_d39885